| 000 | 00801nam a2200229Ia 4500 | ||
|---|---|---|---|
| 001 | 15602 | ||
| 003 | GE_BSU | ||
| 008 | 181216s||||||||xx |||||||||||||| ||und|| | ||
| 040 | _cGE_BSU | ||
| 080 | _a821.161.1-2 | ||
| 100 | _aგორინი, გრიგოლ | ||
| 245 | _aვინ არის ვინ? | ||
| 245 | _bმონოლოგები, პიესები | ||
| 245 | _cთარგმნა ო. ახმეტელმა. რედ. ლ.ჯუღელი. მხატვ. ვ.გაბელია | ||
| 260 | _aთბილისი | ||
| 260 | _bხელოვნება | ||
| 260 | _c1981 | ||
| 300 | _a101გვ. ; 20სმ | ||
| 653 | _aვინ არის ვინ? | ||
| 653 | _aმონოლოგები, პიესები | ||
| 942 | _cBK | ||
| 999 |
_c48702 _d48702 |
||